00729nam a2200169Ia 4500008004100000050002100041100002600062240003600088245008100124250001800205260003200223300003500255500004400290500007800334505012400412650002300536120626s1947 ag a 000 0 spa d aNC960 bL63 1947 aLoomis, Andreweautor aCreative ilustrationlespañol aIlustración creadora c/ Andrew, Loomis; traducción de Rodolfo J., Walsh a7a. edición aArgentina b: Hachatec1974 a289 páginasb: ilustraciones aTítulo original: Creative ilustration aIncluye: Indice, Charla preliminar, Charla final, Respuestas a preguntaas aLínea Tono Color Narración Creación de ideas Campos de la ilustración Experimentación y estudio  0aDIBUJOxTÉCNICAS